Statistics for Cities in Alberta

Click here to take the quiz!

General Stats

  • This quiz has been taken 57 times
    (24 since last reset)
  • The average score is 11 of 18

Answer Stats

Population Answer % Correct
1,096,833calgary
100%
812,201edmonton
100%
19,051fort saskatchewan
95%
60,005medicine hat
95%
83,517lethbridge
90%
90,564red deer
90%
55,032grande prairie
71%
42,564airdrie
71%
61,466st albert
67%
24,279leduc
52%
13,676brooks
52%
61,374Fort McMurray
52%
18,032lloydminster
48%
26,171spruce grove
38%
13,839cold lake
19%
12,525wetaskiwin
14%
11,707lacombe
14%
17,286camerose
5%

Score Distribution

Percentile by Number Answered

Percent of People with Each Score

Your Score History

You have not taken this quiz since the last reset